Micropolitan Development : theory and practice of greater-rural economic development

Bibliographic Details
Main Authors: Tweeten, Luther (Author), Brinkmen, George L. (Author)
Format: Book
Language:English
Published: Iowa : The Iowa State University Press 1976
Subjects:

MARC

LEADER 00000cam a2200000 7i4500
001 0000000023
005 20240919.0
008 991122 iau eng
020 |a 0813818508 
040 |a INS   |b eng   |e rda 
090 0 0 |a HN65   |b .T93 1976 
100 1 |a Tweeten, Luther ,   |e author 
245 1 0 |a Micropolitan Development :   |b theory and practice of greater-rural economic development   |c Luther Tweeten, George L. Brinkmen 
264 1 |a Iowa :   |b The Iowa State University Press   |c 1976 
264 4 |c ©1976 
300 |a ix, 456 pages ;   |c 23 cm. 
336 |a text  |2 rdacontent 
337 |a unmediated  |2 rdamedia 
338 |a volume  |2 rdacarrier 
504 |a Includes bibliographical references and index 
650 0 |a Community development   |z United States 
650 0 |a Regional planning   |z United States 
651 0 |a United States   |x Rural conditions 
700 1 |a Brinkmen, George L. ,   |e author 
999 |a 0000003311   |b BOOK   |c Open Shelf   |e Default branch